1915 1447 1068 1310 1872 1146 1589 1739 1689 1694 1864 1437 1902 1268 1905 1753 1763 1365 1709 1190 1408 1811 1033 1282 1109 1394 1265 1719 1716 1740 1021 1439 1693 1617 1480 1982 1145 1887 1341 1901 1145 1423 1125 1579 1128 1462 1812 1936 1706 1906 1360 1073 1679 1683 1129 1471 1879 1685 1035 1846 1582 1314 1209 1898 1803 1100 1691 1668 1134 1390 1935 1537 1754 1817 1486 1954 1970 1462 1518 1093 1163 1484 1367 1223 1503 1765 1474 1250 1524 1017 1730 1078 1238 1878 1901 1076 1164 1918 1712 BCNSPRNW ULIB Ver.6.0+V

เปลี่ยนเป็นภาษาไทย

Change to English
 แสดงรายละเอียดบรรณานุกรม
  กลับหน้าหลัก

Brief Record : Get Marc (ISO 2709) : E-mail record : QR code < ปิดหน้าต่าง
LEADER : 00000nam 2200000uu 4500
001    13399127947
003     ULIB
008    211116s2021||||th 000 0 tha d
020    ^a9781975139261
060 04 ^aWF102^bW518W
100 1  ^aWest, John B.
245 10 ^aWest s Respiratory physiology :^bthe essentials /^cJohn B. West
250    ^a11th ed.
260    ^aPhiladelphia, Pa. :^bWolters Kluwer Health/LippincottWilliams & Wilkins,^c2021
300    ^aix, 254 p. :^bill. ;^c24 cm.
504    ^aIncludes bibliographical references and index
650  2 ^aRespiration
650  2 ^aRespiratory Physiological Phenomena
700 0  ^aAndrew M. Luks
945    ^p1062^l0^i008535
999    ^aประนอม เกษจรัล
รายการนี้ยังไม่มีแท็ก
คุณยังไม่ได้ล็อกอิน คุณสามารถมีกิจกรรมร่วมกับเว็บไซต์ได้ แต่ต้องล็อกอินก่อน ::
  ล็อกอิน

รายการสื่อสารสนเทศ

ลำดับที่ ประเภท เลขเรียก/บาร์โค้ด สถานที่ สถานะ
1. วิทยาศาสตร์การแพทย์ และสุขภาพ
หนังสือสำรอง
สถานะ=หนังสือสำรอง
WF102 W518W ฉ.1 
  Barcode: 008535
ห้องสมุดวิทยาเขตสวรรค์ประชารักษ์
►หนังสือทั่วไป
บนชั้น

รายการใกล้เคียง
    หัวเรื่อง [Respiration]
    หัวเรื่อง [Respiratory Physiological Phenomena]

BibComment


ยังไม่เคยถูกคอมเมนท์

คอมเมนท์ทรัพยากรรายการนี้
  คอมเมนท์: West s Respirato..


 Copyright 2026. Bcnsprnw @Library